| 000 | 00450nam a22001457a 4500 | ||
|---|---|---|---|
| 999 |
_c15014 _d15014 |
||
| 003 | OSt | ||
| 082 | _2631.3 AJI/DE | ||
| 088 | _aP 312 | ||
| 100 |
_aAJINAS BASHEER T _aMIDHILA LEKSHMI S _aNIDHIN J. K _92310 |
||
| 245 | _aDevelopment and testing of manual operated coconut milk extractors | ||
| 260 |
_aTavanur 2015 _bKelappaji College of Agricultural Engineeirng and Technology |
||
| 300 | _a41 | ||
| 700 |
_aDr. Jayan P. R (Guide) _92172 |
||
| 942 | _cPR | ||